• 首页
  • 本馆介绍
  • 公告通知
  • 最新文献
  • 馆藏检索
  • 电子资源
  • 读者导购
  • 参考咨询
  • 我的图书馆
  • 登录
  • 详细信息显示
  • 放入我的书架
  • 预约/预借图书
  • 作者相关作品
  • 分类相关作品
  • 丛书相关作品
  • 出版社相关作品

书目信息

  • 表格格式
  • 工作单格式
  • 卡片格式
题名:
工业企业的设备管理
    
 
作者: 沈亮安 著
分册:  
出版信息: 天津   天津人民出版社  1981
页数: 128页
开本: 19cm
丛书名:
单 册:
中图分类: F406.4
科图分类:
主题词: 工业企业管理:设备管理 , 设备管理:工业企业管理
电子资源:
ISBN:
000 00692nam0 2200253 45
001 0181007297
005 20060810110102.00
010    @dCNY0.33
091    @aCN@b4072.36
100    @a19950228d1981 em y0chiy0121 ea
101 0  @achi
102    @aCN@b120000
105    @ay z 000yy
200 10 @a工业企业的设备管理@Agong ye qi ye de she bei guan li@f沈亮安著
210    @a天津@c天津人民出版社@d1981
215    @a128页@d19cm
300    @a工业企业管理知识
606    @a工业企业管理:设备管理
606    @a设备管理:工业企业管理
690    @aF406.4@v3
701  0 @a沈亮安@Ashen liang an@4著
801  0 @aCN@bTSSF@c20060810
801  2 @aCN@bNLC@c20060809
905    @a10447@dF406.4@e121
    
    工业企业的设备管理/沈亮安著.-天津:天津人民出版社,1981
    128页;19cm
    工业企业管理知识
    
    ISBN :CNY0.33
    
●
相关链接 在E读中查询图书 在五车中查询图书 在当当中查询图书 在豆瓣中查询图书


正题名:工业企业的设备管理     索取号:F406.4/121         预约/预借

序号 登录号 条形码 馆藏地/架位号 状态 备注
1 0448398   204483987   密集书库/ [索取号:F406.4/121] 在馆    
2 0449937   204499373   密集书库/ [索取号:F406.4/121] 在馆    
唐山师范学院图书馆 欢迎您!
大连网信软件有限公司© 版权所有